Aegean Sponge Fishing and the Island of Kalymnos (19th-20th Centuries) /
Before the invention of synthetic sponges, divers culled the seabeds of the Aegean for animal sponges or "sea gold" to supply global demand, while risking paralysis or death from decompression disease. This is a study of sponge diving and the impact of the industry on the inhabitants of Ka...
المؤلفون الرئيسيون: ,
التنسيق: كتاب الكتروني
اللغة: English
منشور في:
Leiden ; Boston :
Brill,
2024.
سلاسل:
Brill's Studies in Maritime History ;
17.
Early Modern History and Modern History E-Books Online, Collection 2024.
الموضوعات:
الوصول للمادة أونلاين: Login to view Source
الوسوم: إضافة وسم
رقم الطلب: HD8039.S55552
| LEADER | 02446nam a22005058i 4500 | ||
|---|---|---|---|
| 001 | BRILL9789004701946 | ||
| 003 | nllekb | ||
| 005 | 20241111180913.0 | ||
| 006 | m d | ||
| 007 | cr un uuuua | ||
| 008 | 240614s2024 gw sb 001 0 eng d | ||
| 010 | |a 2024018023 | ||
| 020 | |a 9789004701946 |q (electronic book) | ||
| 020 | |z 9789004701939 |q (print) | ||
| 024 | 7 | |a 10.1163/9789004701946 |2 DOI | |
| 035 | |z (OCoLC)1430653119 | ||
| 040 | |a NL-LeKB |c NL-LeKB |e rda | ||
| 041 | |a eng | ||
| 050 | 4 | |a HD8039.S55552 | |
| 072 | 7 | |a HBTM |2 bicssc | |
| 072 | 7 | |a HIS |x 027150 |2 bisacsh | |
| 082 | 0 | 4 | |a 331.7/63970949587 |2 23 |
| 100 | 1 | |a Olympitou, Evdokia, |e author. | |
| 245 | 1 | 0 | |a Aegean Sponge Fishing and the Island of Kalymnos (19th-20th Centuries) / |c Evdokia Olympitou, Joyce Goggin. |
| 264 | 1 | |a Leiden ; |a Boston : |b Brill, |c 2024. | |
| 264 | 4 | |c ©2024 | |
| 300 | |a 1 online resource (456 pages) : |b illustrations. | ||
| 336 | |a text |b txt |2 rdacontent | ||
| 337 | |a computer |b c |2 rdamedia | ||
| 338 | |a online resource |2 rdacarrier | ||
| 490 | 1 | |a Brill's Studies in Maritime History ; |v 17 | |
| 490 | 1 | |a Early Modern History and Modern History E-Books Online, Collection 2024 | |
| 504 | |a Includes bibliographical references and index. | ||
| 520 | |a Before the invention of synthetic sponges, divers culled the seabeds of the Aegean for animal sponges or "sea gold" to supply global demand, while risking paralysis or death from decompression disease. This is a study of sponge diving and the impact of the industry on the inhabitants of Kalymnos and Mediterranean. It is a record of the 10,000 divers who died, the 20,000 who were paralysed between 1886 and 1910, and the women who were there to sustain them when they returned home. | ||
| 546 | |a English | ||
| 588 | |a Description based on print version record. | ||
| 650 | 0 | |a Sponge divers |z Greece |z Kalymnos (Municipality) |x History. | |
| 650 | 0 | |a Sponge fisheries |z Greece |z Kalymnos (Municipality) |x History. | |
| 700 | 1 | |a Goggin, Joyce, |e author. | |
| 776 | 0 | 8 | |i Print version: |t Aegean Sponge Fishing and the Island of Kalymnos (19th-20th Centuries). |d Leiden ; Boston : Brill, 2024. |z 9789004701939 |w (DLC) 2024018022 |
| 830 | 0 | |a Brill's Studies in Maritime History ; |v 17. | |
| 830 | 0 | |a Early Modern History and Modern History E-Books Online, Collection 2024. | |
| 856 | 4 | |z DOI: |u http://dx.doi.org/10.1163/9789004701946 | |
| 942 | |2 lcc |c EBOOK | ||
| 999 | |c 59766 |d 59766 | ||
